Lightweight electric/hybrid vehicle design (Record no. 80717)
[ view plain ]
| 000 -LEADER | |
|---|---|
| fixed length control field | 00800nam a2200181 a 4500 |
| 008 - FIXED-LENGTH DATA ELEMENTS--GENERAL INFORMATION | |
| fixed length control field | 120416s2001 ||||||||||||||||| || u |
| 020 ## - INTERNATIONAL STANDARD BOOK NUMBER | |
| International Standard Book Number | 0750650923 |
| 050 ## - LIBRARY OF CONGRESS CALL NUMBER | |
| Classification number | TL 220 Hod |
| 100 ## - MAIN ENTRY--PERSONAL NAME | |
| Personal name | Hodkinson, Ron |
| 245 10 - TITLE STATEMENT | |
| Title | Lightweight electric/hybrid vehicle design |
| 260 ## - PUBLICATION, DISTRIBUTION, ETC. | |
| Place of publication, distribution, etc. | Oxford |
| Name of publisher, distributor, etc. | Butterworth-Heinemann |
| Date of publication, distribution, etc. | 2001 |
| 300 ## - PHYSICAL DESCRIPTION | |
| Extent | xxx, 253p. : ill. |
| 350 ## - | |
| -- | 0.00 |
| 500 ## - GENERAL NOTE | |
| General note | Bibliography. |
| 650 ## - SUBJECT ADDED ENTRY--TOPICAL TERM | |
| Topical term or geographic name entry element | Hybrid electric cars - Design and construction |
| 995 ## - | |
| -- | MAIN LIBRARY OPEN ACCESS |
| -- | 0.00 |
| -- | 737636 |
| -- | CBU-MAIN LIBRARY (Kitwe) |
| -- | 1 |
| -- | 0.00 |
| -- | TL 220 HOD |
| -- | 2 |
| -- | AVAILABLE |
| -- | Feb 16, 2007 |
| -- | 53016 |
| -- | Main Library Open Access Collection |
| 995 ## - | |
| -- | MAIN LIBRARY OPEN ACCESS |
| -- | 0.00 |
| -- | 735573 |
| -- | CBU-MAIN LIBRARY (Kitwe) |
| -- | 1 |
| -- | 21.50 |
| -- | TL 220 Hod |
| -- | 1 |
| -- | AVAILABLE |
| -- | May 4, 2006 |
| -- | 48565 |
| -- | Main Library Open Access Collection |
| 999 ## - | |
| -- | 80717 |
| -- | 80717 |
No items available.